ბათუმის შოთა რუსთაველის სახელმწიფო უნივერსიტეტის ბიბლიოთეკა

ქვის კონსტრუქციები : (ბიბ.ჩანაწერი № 39139)

000 -ლიდერი
ფიქსირებული სიგრძის საკონტროლო ველი 00922nam a2200229Ia 4500
001 - საკონტროლო ნომერი
საკონტროლო ველი 5722
003 - საკონტროლო ნომრის იდენტიფიკატორი
საკონტროლო ველი GE_BSU
005 - ბოლო ოპერაციის თარიღი და დრო
საკონტროლო ველი 20190423124858.0
008 - ფიქსირებული სიგრძის მონაცემთა ელემენტები - ზოგადი ინფორმაცია
ფიქსირებული სიგრძის საკონტროლო ველი 181216s1983ge xx |||||||||||||| ||geo||
040 ## - კატალოგიზაციის წყარო
Transcribing agency GE_BSU
041 ## - ენის კოდი
Language code of text/sound track or separate title geo
080 ## - უნივერსალური ათობითი კლასიფიკაციის ინდექსი
Universal Decimal Classification number 624.012.1/2 ნ-67
100 ## - მთავარი ჩანაწერი - პიროვნების სახელი
Personal name ნინუა, ნ.
9 (RLIN) 402
245 ## - ცნობა სათაურის შესახებ
Title ქვის კონსტრუქციები :
Remainder of title სახელმძღვ. /
Statement of responsibility, etc ნ. ნინუა ; რედ. ე.გიორგაძე.
264 ## - წარმოების, გამოცემის, დისტრიბუციის და სხვა ცნობები
გამოცემის, წარმოების, დისტრიბუციის... ადგილი თბილისი :
გამოცემის, წარმოების, დისტრიბუციის... სახელწოდება სპი,
გამოცემის, წარმოების, დისტრიბუციის... თარიღი 1983.
300 ## - ფიზიკური აღწერა
Extent 102გვ;;ბიბლიოგრ.:გვ.100.
Other physical details ილ,
Dimensions 20 სმ.
500 ## - ზოგადი შენიშვნა
General note ბიბლიოგრ. : გვ.100.
653 ## - INDEX TERM--UNCONTROLLED
Uncontrolled term ქვის კონსტრუქციები.
653 ## - INDEX TERM--UNCONTROLLED
Uncontrolled term სამშენებლო კონსტრუქციები
700 ## - ADDED ENTRY--PERSONAL NAME
Personal name ე. გიორგაძე
Relator term რეაქტორი
9 (RLIN) 403
942 ## - ADDED ENTRY ELEMENTS (KOHA)
Koha item type წიგნი
Source of classification or shelving scheme
ეგზემპლარები
ჩამოწერის სტატუსი დაკარგული ეგზემპლარის სტატუსი კლასიფიკაციის წყარო ან თაროზე გაწყობის სქემა დაზიანების სტატუსი არ გაიცემა მუდმივი მდებარეობა (დაცვის ადგილი) ამჟამინდელი ადგილსამყოფელი თაროზე განთავსების ადგილი შეძენის თარიღი ღირებულება, შესყიდვის ნორმალური ფასი სრული შენახვის შიფრი შტრიხკოდი ბოლო ოპერაციის თარიღი ეგზემპლარის მიმდევრობითი ნომერი (კეტერი?) ფასის ძალაში შესვლის თარიღი ეგზემპლარის სახეობა საჯარო შენიშვნა
          ტექნოლოგიური ფაკულტეტის ბიბლიოთეკა ტექნოლოგიური ფაკულტეტის ბიბლიოთეკა წიგნსაცავი 2018-12-17 0.40 624.012.1/2 ნ-67 11321 2018-12-17 11321 2018-12-17 წიგნი 0.40 ლ.
          ტექნოლოგიური ფაკულტეტის ბიბლიოთეკა ტექნოლოგიური ფაკულტეტის ბიბლიოთეკა წიგნსაცავი 2018-12-17 0.40 624.012.1/2 ნ-67 11322 2018-12-17 11322 2018-12-17 წიგნი 0.40 ლ.
          ტექნოლოგიური ფაკულტეტის ბიბლიოთეკა ტექნოლოგიური ფაკულტეტის ბიბლიოთეკა წიგნსაცავი 2018-12-17 0.40 624.012.1/2 ნ-67 11323 2018-12-17 11323 2018-12-17 წიგნი 0.40 ლ.
          ტექნოლოგიური ფაკულტეტის ბიბლიოთეკა ტექნოლოგიური ფაკულტეტის ბიბლიოთეკა წიგნსაცავი 2018-12-17 0.40 624.012.1/2 ნ-67 11324 2018-12-17 11324 2018-12-17 წიგნი 0.40 ლ.
          ტექნოლოგიური ფაკულტეტის ბიბლიოთეკა ტექნოლოგიური ფაკულტეტის ბიბლიოთეკა წიგნსაცავი 2018-12-17 0.40 624.012.1/2 ნ-67 11325 2018-12-17 11325 2018-12-17 წიგნი 0.40 ლ.
          ტექნოლოგიური ფაკულტეტის ბიბლიოთეკა ტექნოლოგიური ფაკულტეტის ბიბლიოთეკა წიგნსაცავი 2018-12-17 0.40 624.012.1/2 ნ-67 11326 2018-12-17 11326 2018-12-17 წიგნი 0.40 ლ.
          ტექნოლოგიური ფაკულტეტის ბიბლიოთეკა ტექნოლოგიური ფაკულტეტის ბიბლიოთეკა წიგნსაცავი 2018-12-17 0.40 624.012.1/2 ნ-67 11327 2018-12-17 11327 2018-12-17 წიგნი 0.40 ლ.
          ტექნოლოგიური ფაკულტეტის ბიბლიოთეკა ტექნოლოგიური ფაკულტეტის ბიბლიოთეკა წიგნსაცავი 2018-12-17 0.40 624.012.1/2 ნ-67 11328 2018-12-17 11328 2018-12-17 წიგნი 0.40 ლ.
          ბათუმის შოთა რუსთაველის სახელმწიფო უნივერსიტეტის მთავარი ბიბლიოთეკა ტექნოლოგიური ფაკულტეტის ბიბლიოთეკა წიგნსაცავი 2018-12-17 0.40 624.012.1/2 ნ-67 11329 2018-12-17 11329 2018-12-17 წიგნი 0.40 ლ.
          ტექნოლოგიური ფაკულტეტის ბიბლიოთეკა ტექნოლოგიური ფაკულტეტის ბიბლიოთეკა წიგნსაცავი 2018-12-17 0.40 624.012.1/2 ნ-67 11330 2018-12-17 11330 2018-12-17 წიგნი 0.40 ლ.